Statistics for Provinces of South Africa

Click here to take the quiz!

General Stats

  • This quiz has been taken 5,289 times
  • The average score is 5 of 9

Answer Stats

Provinces % Correct
KwaZulu-Natal
75%
Western Cape
72%
Eastern Cape
68%
Free State
65%
Northern Cape
59%
Gauteng
51%
Limpopo
44%
Mpumalanga
42%
North West
38%

Score Distribution

Percentile by Number Answered

Percent of People with Each Score

Your Score History

You have not taken this quiz